Mécanique des fluide 2 équations et phénomènes fondamentaux

में बचाया:
ग्रंथसूची विवरण
मुख्य लेखक: Paul Reboux
स्वरूप: पुस्तक
भाषा:Undetermined
प्रकाशित: Paris école des Mines de Paris 1996
विषय:
टैग : टैग जोड़ें
कोई टैग नहीं, इस रिकॉर्ड को टैग करने वाले पहले व्यक्ति बनें!
Thư viện lưu trữ: Trung tâm Học liệu Trường Đại học Cần Thơ
LEADER 00571nam a2200193Ia 4500
001 CTU_43924
008 210402s9999 xx 000 0 und d
082 |a 532 
082 |b R292/T1/1996 
100 |a Paul Reboux 
245 0 |a Mécanique des fluide 2 
245 0 |b équations et phénomènes fondamentaux 
245 0 |c Paul Reboux, Alain Neveu 
260 |a Paris 
260 |b école des Mines de Paris 
260 |c 1996 
650 |a fluid mechanics 
904 |i Nguyễn Quang Điền, 010911 
980 |a Trung tâm Học liệu Trường Đại học Cần Thơ